书目信息 |
| 题名: |
中外推荐书目一百种
|
|
| 作者: | 邓咏秋 , 李天英 编 | |
| 分册: | ||
| 出版信息: | 西安 陕西师范大学出版社 2001 |
|
| 页数: | 335页 | |
| 开本: | 20cm | |
| 丛书名: | 世纪阅读文库 | |
| 单 册: | ||
| 中图分类: | Z835 | |
| 科图分类: | ||
| 主题词: | 推荐书目--世界 | |
| 电子资源: | ||
| ISBN: | 7-5613-2295-X | |
| 000 | 00686oam2 2200229 45 | |
| 001 | (011001)c2002021888 | |
| 005 | 20051028091122.01 | |
| 010 | @a7-5613-2295-X@dCNY18.00 | |
| 092 | @aCN | |
| 100 | @a20020308d2001 em y0chiy0110 ea | |
| 101 | 0 | @achi |
| 105 | @ay a 000yy | |
| 200 | 1 | @a中外推荐书目一百种@9zhong wai tui jian shu mu yi bai zhong@f邓咏秋,李天英编@Fdeng yong qiu,li tian ying bian |
| 210 | @a西安@c陕西师范大学出版社@d2001 | |
| 215 | @a335页@d20cm | |
| 225 | 2 | @a世纪阅读文库@v3 |
| 606 | 0 | @a推荐书目@y世界 |
| 690 | @aZ835@v4 | |
| 701 | 0 | @a邓咏秋@Adeng yong qiu@4编 |
| 701 | 0 | @a李天英@Ali tian ying@4编 |
| 801 | 0 | @aCN@bPFT@c20051028 |
| 905 | @a10447@dZ835@e32 | |
| 中外推荐书目一百种/邓咏秋,李天英编.-西安:陕西师范大学出版社,2001 |
| 335页;20cm.-(世纪阅读文库;3) |
| ISBN 7-5613-2295-X:CNY18.00 |
| ● |
| 相关链接 |
|
|
|
|
正题名:中外推荐书目一百种
索取号:Z835/32
 
预约/预借
| 序号 | 登录号 | 条形码 | 馆藏地/架位号 | 状态 | 备注 |
| 1 | 0333838 | 203338389 | 第二样本阅览室/ [索取号:Z835/32] | 在馆 | |
| 2 | 0337208 | 203372082 | 第三借阅区/ [索取号:Z835/32] | 在馆 | |
| 3 | 0337209 | 203372091 | 第三借阅区/ [索取号:Z835/32] | 在馆 |